000
00233 a2200097 4500
001
15652
100
_a
S,A,E
245
_a
New diesel Engine combustion and emissions Research in Japan
260
_a
SEA
_b
SEA
_c
090
_c
12213
_d
12213
942
_a
NUST-CAE
_c
M
_c
2463
999
_c
250725
_d
250725